000 00398nam a2200133Ia 4500
008 100328s9999 xx 000 0 und d
082 _b58890
100 _aआशू रावजी आणि कानडे दिनू.
245 _aबसंती.
260 _bडॉल्फिन लायब्ररी.
630 _aबसंती.
730 _aबसंती.
942 _cBOOK
999 _c545162
_d545159